| 000 | 00612nam a2200181 a 4500 | ||
|---|---|---|---|
| 001 | 000044008 | ||
| 005 | 20201002045105.0 | ||
| 008 | 140513s1991 sp abc 000 0 spa d | ||
| 020 | _a847969016X | ||
| 040 |
_aDO-SdBNP _bspa _cBNPHU |
||
| 082 |
_axxxx _bxxxx |
||
| 100 | 1 |
_aMartínez Montávez, Pedro _971974 |
|
| 245 | 1 | 0 |
_aEuropa Islámica : _bla magia de una civilización milenaria / _cPedro Martínez Montávez, Carmen Ruíz Bravo-Villasante. |
| 260 |
_aBarcelona : _bAnaya, _c1991. |
||
| 300 |
_a240 p. : _bil. ; _c32 cm. |
||
| 500 | _a"Grandes obras" El Sol | ||
| 700 | 1 | 2 |
_aRuiz Bravo-Villasante, Carmen _971975 |
| 999 |
_c43497 _d43497 |
||